Diccionario de sinónimos y antónimos de la lengua española

Gorde:
Xehetasun bibliografikoak
Formatua: Liburua
Hizkuntza:gaztelania
Argitaratua: Madrid Alfredo Ortells S. L 1994
Edizioa:1a. ed
Gaiak:
Etiketak: Etiketa erantsi
Etiketarik gabe, Izan zaitez lehena erregistro honi etiketa jartzen!

MARC

LEADER 00000cam a2200000 a 4500
001 UCD5043
003 CL-VaPUC
008 160807e19940000sp |||||||||||||||||spa|d
020 |a 8471892146o.c 
020 |a 8471892154t.1 
020 |a 8471892162t.2 
082 0 4 |a 413.1  |b DIC  |2 21 
245 1 0 |a Diccionario de sinónimos y antónimos de la lengua española 
250 |a 1a. ed 
300 |a t 
942 |c BK 
945 |d 20160807 22:49:00  |a dcastane 
260 |a Madrid  |b Alfredo Ortells S. L  |c 1994 
500 |a t.1: A-I 
500 |a t.2: J-Z 
650 0 |a Diccionarios  |9 256200 
650 0 |a Sinónimos y antónimos   |9 255373 
583 |a last modification  |c 20160807 22:49:00  |k Rodrigo Vera 
999 |c 365810  |d 365808 
952 |0 0  |1 0  |3 erd  |4 0  |6 413_100000000000000_DIC_1994  |7 0  |8 F  |9 479773  |a BIBCUR  |b BIBCUR  |h t.1  |i 5335450  |o 413.1 DIC 1994  |p 5335450  |r 2025-04-22  |w 2019-11-24  |y BK_F  |z Catalogado en:20160807  |k PER 
952 |0 0  |1 0  |3 erd  |4 0  |6 413_100000000000000_DIC_1994  |7 0  |8 F  |9 479774  |a BIBCUR  |b BIBCUR  |h t.2  |i 5335469  |o 413.1 DIC 1994  |p 5335469  |r 2025-04-22  |w 2019-11-24  |y BK_F  |z Catalogado en:20160807  |k PER